Catálogo de publicaciones 1980-1992.
Guardado en:
| Autor Corporativo: | |
|---|---|
| Formato: | Libro |
| Idioma: | Spanish |
| Publicado: |
Buenos Aires,
1993.
|
| Series: | Serie documentos institucionales ;
41 |
| Etiquetas: |
Agregar Etiqueta
Sin Etiquetas, Sea el primero en etiquetar este registro!
|
| LEADER | 00760nam a22001935a 4500 | ||
|---|---|---|---|
| 001 | EEA.libagro007021 | ||
| 005 | 20180614120210.0 | ||
| 008 | 130809s1993####ag############000#0#spa#d | ||
| 020 | |a 9509853240 (v. 1) | ||
| 020 | |a 9509853267 (obra completa) | ||
| 022 | |a 0327-3709 | ||
| 082 | 0 | 4 | |a 630.16 |
| 110 | 2 | |a Instituto Nacional de Tecnología Agropecuaria (Argentina). |b Departamento de documentación e información bibliográfica. | |
| 245 | 1 | 0 | |a Catálogo de publicaciones 1980-1992. |
| 260 | |a Buenos Aires, |c 1993. | ||
| 300 | |a 2 v. ; |c 28 cm. | ||
| 490 | 1 | |a Serie documentos institucionales ; |v 41 | |
| 859 | |a AR-BbBCA |b BIB. AGRONOMIA |h R630.16 |i A691 1980-1992 |p 2003/4392 |v t.1 |3 Tomo 1 | ||
| 859 | |a AR-BbBCA |b BIB. AGRONOMIA |h R630.16 |i A691 1980-1992 |p 2003/4393 |v t.2 |3 Tomo 2 | ||
